00440nam a2200145 a 450000100100000000500170001000800410002702000150006804000250008310000190010824500770012726000420020430000280024670000200027400003819220201002031209.0130321s2000 ve 000 0 spa d a9806412850 aDO-SdBNPbspacBNPHU1 aLedezma, Mriam10aNuevo manual de urbanidad de Carren˃o /cMiriam Ledezma, Calos Zavarce. aCaracas :bActualidad Escolar,c2000. a143 p. :bil. ;c27 cm.1 aZavarce, Carlos